| 000 | 00570nam a22001695i 4500 | ||
|---|---|---|---|
| 001 | 173538 | ||
| 003 | ES-MaACL | ||
| 005 | 20230906215252.0 | ||
| 008 | 091207s1996 fr |||| | fre d | ||
| 020 | _a2-218-00533-6 | ||
| 080 | _a(038)=14=133.1 | ||
| 245 | 0 | 0 |
_aDictionnaire français-grec / _cpar un groupe de professeurs agrégés des Lycées de Paris. |
| 260 |
_aParis : _bA. Hatier, _c[1996] |
||
| 300 |
_a889 p. ; _c18 cm. |
||
| 650 | 1 | 4 |
_aLengua francesa- _vDiccionarios- _xGriego. _9141740 |
| 852 |
_aES-MaACL _jE-13199 _z.- Biblioteca Jacinto Martínez Lacalle |
||
| 999 |
_c173538 _d173538 |
||